000 01758nam a22002657a 4500
999 _c286181
_d286181
001 5148669
003 UA-OsUOA
005 20200326104225.0
008 200304b -uso|||g |||| 00| 0 eng d
020 _a9780976429005
040 _aUA-OsUOA
_bukr
_cUA-OsUOA
_dUA-OsUOA
041 _aeng
080 _a929
090 _bD10
_a929
100 _aD'souza J.
245 _aDalit Freedom Now and Forever: the Epic Struggle for Dalit Emancipation
_cJoseph D'souza
260 _aCentennial
_bDalit Freedom Network
_c2004
300 _a259 p.
520 _aThe term Dalit is an ancient Marathi (West Indian language) word that may be defined as "ground" or "broken to pieces." It refers to people who have been broken, or ground down by those above them in a deliberate and active way. Dalits usually refer to the portion of the population falling outside of the Indian caste society; those who are traditionally known as the "outcastes," or, "untouchables." In many ways, Indias Dalits are the supreme victims of human civilization. For over 3,000 years, spiritual, physical, social, economic, economic, cultural, and political dehumanization. There are few days in India when the newspapers do not report atrocities against the Dalits. This book powerfully narrates recent development in India and the complex challenges facing the Indian Church and other faith communities as a result. It tells why Indian Christians have been targeted by the casteist Hindutva forces. It shows how Jesus is critically important to the Dalit Freedom movement.
650 _2UDC
_a929 Біографічні дослідження
700 1 _aD'souza Joseph
942 _2udc
_cBK
955 _a4